000 01219nam a2200349 i 4500
001 20867
003 KOSZ 005
005 20200817124257.0
008 000320s1980 pl a f |000 0 pol d
015 _aPB 1980/7704
040 _aWA N
_cWA N
_dKOSZ 005/HR
041 0 _apol
046 _k1980
080 _a620.1
080 _a539.3/.6
080 _a519.61/.64
100 1 _aTran, Duong Hien
_eAutor
245 1 0 _aNumeryczna analiza rozciągania sprężysto-plastycznego pasma osłabionego otworem /
_cT. D. Hien, M. Kleiber ; [Instytut Podstawowych Problemów Techniki Polskiej Akademii Nauk].
260 _aWarszawa :
_bIPPT PAN,
_c1980.
300 _a[4], 14, [17] s. :
_bil. tab. wykr. ;
_c21 cm.
490 1 _aPrace IPPT,
_x0208-5658 ;
_v7/1980.
500 _aNa prawach rpsu.
504 _aBibliogr. s. 14.
650 4 _aAnaliza numeryczna
650 4 _aMechanika stosowana
650 4 _aSprężystość
658 _aInżynieria i technika
700 1 _aKleiber, Michał
_d(1946- )
_eAutor
830 0 _aPrace IPPT
_v7/1980
856 _uhttp://koha.tu.koszalin.pl/cgi-bin/koha/opac-detail.pl?biblionumber=20867
_yKatalog online BPK
942 _2UKD
_cKS
999 _c20867
_d20867